[Event "DEM U18 2004"]
[Site "Willingen GER"]
[Date "2004.05.30"]
[Round "2"]
[White "Willert, Christof"]
[Black "Röber, Jürgen"]
[Result "0-1"]
[Termination "normal"]
[Board "12"]
[WhiteElo "1673"]
[BlackElo "2048"]
[PlyCount "52"]
[BlackFideId "4697090"]
[EventCountry "GER"]
[EventRounds "9"]
[EventType "swiss"]
[EventDate "2004.05.29"]

1. d4 Nf6 2. c4 g6 3. Nc3 d5 4. cxd5 Nxd5 5. e4 Nxc3 6. bxc3 c5 7. Be3 Bg7 8.
Nf3 O-O 9. Rc1 Bg4 10. Be2 Qa5 11. Qd2 Nc6 12. d5 Bxf3 13. Bxf3 Ne5 14. Be2
Rfd8 15. O-O Rac8 16. c4 Qc7 17. Qc2 a6 18. Rb1 Rb8 19. Rb3 Rdc8 20. f4 Nd7 21.
Bg4 b5 22. Qf2 bxc4 23. Rxb8 Rxb8 24. Rc1 Rb2 25. Rc2 c3 26. Bc1 Bd4 0-1

[Event "DEM U18 2004"]
[Site "Willingen GER"]
[Date "2004.05.30"]
[Round "2"]
[White "Roggon, Jacob"]
[Black "Steinbrügge, Rene"]
[Result "1-0"]
[Termination "normal"]
[Board "13"]
[WhiteElo "2041"]
[BlackElo "1866"]
[PlyCount "95"]
[WhiteFideId "4689550"]
[EventCountry "GER"]
[EventRounds "9"]
[EventType "swiss"]
[EventDate "2004.05.29"]

1. d4 Nf6 2. Nf3 d5 3. Bf4 e6 4. e3 Be7 5. h3 c5 6. c3 Nbd7 7. Bd3 b6 8. O-O
Bb7 9. Nbd2 Ne4 10. Bh2 O-O 11. a4 a5 12. Nb1 f5 13. Na3 Nd6 14. Rb1 h6 15. Be2
Bc6 16. Re1 Qe8 17. Bd3 g5 18. Bc2 Ne4 19. Rf1 Rf7 20. c4 Rh7 21. Bb3 h5 22.
cxd5 exd5 23. dxc5 Ndxc5 24. Bxd5+ Kf8 25. Bxc6 Qxc6 26. Nd4 Qg6 27. f3 Nf6 28.
Nc6 g4 29. Nxe7 Rxe7 30. Bd6 gxh3 31. Bxe7+ Kxe7 32. Qe2 Rg8 33. Rf2 h4 34. Nc4
Qg3 35. Rd1 h2+ 36. Kh1 h3 37. Nxb6 Nfe4 38. fxe4 Nxe4 39. Nd5+ Ke6 40. Nc7+
Ke7 41. Nd5+ Ke6 42. Nf4+ Ke7 43. Rdf1 Qh4 44. Rf3 hxg2+ 45. Nxg2 Qh5 46. Qc2
Ng3+ 47. Rxg3 Rxg3 48. Qc7+ 1-0

[Event "DEM U18 2004"]
[Site "Willingen GER"]
[Date "2004.05.31"]
[Round "3"]
[White "Meinhardt, Maximilian"]
[Black "Eisenbeiser, Amadeus"]
[Result "1-0"]
[Termination "normal"]
[Board "1"]
[WhiteElo "2285"]
[BlackElo "2229"]
[PlyCount "97"]
[WhiteFideId "4668766"]
[BlackFideId "4678338"]
[EventCountry "GER"]
[EventRounds "9"]
[EventType "swiss"]
[EventDate "2004.05.29"]

1. e4 c5 2. Nf3 a6 3. g3 e6 4. Bg2 Nc6 5. O-O g6 6. Nc3 b5 7. e5 Bb7 8. d3 d5
9. exd6 Qxd6 10. Bf4 Qd8 11. a4 b4 12. Ne4 Be7 13. Ne5 Na5 14. Nc4 Nxc4 15.
dxc4 Qa5 16. Be5 Bxe4 17. Bxh8 Bxg2 18. Kxg2 f6 19. Qf3 Rd8 20. Qc6+ Kf7 21.
Rad1 Nh6 22. Rfe1 e5 23. f4 Nf5 24. fxe5 Rxd1 25. Rxd1 Ne3+ 26. Kg1 Nxd1 27.
Qd5+ Ke8 28. exf6 Qd8 29. Qg8+ Bf8 30. Qe6+ Be7 31. fxe7 Qxe7 32. Qc6+ Kf8 33.
Qa8+ Qe8 34. Qf3+ Kg8 35. Qxd1 Kxh8 36. Qf3 Kg7 37. b3 Qe5 38. Kf2 a5 39. Qb7+
Kf6 40. Qf3+ Kg7 41. h4 h6 42. Qb7+ Kf6 43. Qc6+ Kg7 44. Qd7+ Kf6 45. Qc6+ Kg7
46. Qf3 g5 47. Qb7+ Kg6 48. h5+ Kxh5 49. Qf7+ 1-0

[Event "DEM U18 2004"]
[Site "Willingen GER"]
[Date "2004.05.31"]
[Round "3"]
[White "Postojev, Alexander"]
[Black "Degtiarev, Jewgeni"]
[Result "1/2-1/2"]
[Termination "normal"]
[Board "2"]
[WhiteElo "2150"]
[BlackElo "2284"]
[PlyCount "87"]
[WhiteFideId "4672186"]
[BlackFideId "4149610"]
[EventCountry "GER"]
[EventRounds "9"]
[EventType "swiss"]
[EventDate "2004.05.29"]

1. d4 d5 2. c4 c6 3. Nf3 Nf6 4. Nc3 a6 5. a4 e6 6. e3 c5 7. Bd3 Nc6 8. O-O cxd4
9. exd4 Be7 10. Bg5 dxc4 11. Bxc4 O-O 12. Qd2 b6 13. Rfd1 Bb7 14. Qe2 Nb4 15.
Rac1 Nfd5 16. Bxe7 Qxe7 17. g3 Rfd8 18. Rd2 Qe8 19. Qd1 Rac8 20. Bf1 Nxc3 21.
Rxc3 Rxc3 22. bxc3 Nd5 23. Qb3 Nf6 24. Ne5 Ne4 25. Rb2 f6 26. Qxb6 Bd5 27. Nd3
Nxc3 28. Nc5 Ra8 29. Bh3 f5 30. Bg2 Ne4 31. a5 Qh5 32. Nxe4 Qd1+ 33. Bf1 fxe4
34. Qc7 Qxd4 35. Rb8+ Rxb8 36. Qxb8+ Kf7 37. Qf4+ Kg6 38. Qg4+ Kf6 39. Qh4+ Kf7
40. Qf4+ Ke7 41. Qc7+ Kf6 42. Qf4+ Kg6 43. Qg4+ Kf7 44. Qf4+ 1/2-1/2

[Event "DEM U18 2004"]
[Site "Willingen GER"]
[Date "2004.05.31"]
[Round "3"]
[White "Heinz, Axel"]
[Black "Krämer, Martin"]
[Result "1-0"]
[Termination "normal"]
[Board "3"]
[WhiteElo "2244"]
[BlackElo "2243"]
[PlyCount "59"]
[WhiteFideId "4667557"]
[BlackFideId "4671910"]
[EventCountry "GER"]
[EventRounds "9"]
[EventType "swiss"]
[EventDate "2004.05.29"]

1. e4 c5 2. Nf3 Nc6 3. Bb5 g6 4. Bxc6 dxc6 5. d3 Bg7 6. h3 Nf6 7. Nc3 O-O 8.
O-O Qc7 9. Be3 b6 10. Nd2 Ba6 11. f4 Rad8 12. Qf3 Ne8 13. a4 Qc8 14. a5 Nc7 15.
Qf2 Qb7 16. Nf3 Ne6 17. e5 f6 18. exf6 Rxf6 19. Qh4 Rff8 20. Ne4 Bf6 21. Nxf6+
exf6 22. axb6 axb6 23. f5 g5 24. Qg4 Ng7 25. Nxg5 fxg5 26. f6 h6 27. fxg7 Rxf1+
28. Rxf1 Qe7 29. Bd2 Bc8 30. Qh5 1-0

[Event "DEM U18 2004"]
[Site "Willingen GER"]
[Date "2004.05.31"]
[Round "3"]
[White "Fiebig, Thomas"]
[Black "Walter, Stefan"]
[Result "1-0"]
[Termination "normal"]
[Board "4"]
[WhiteElo "2263"]
[BlackElo "2157"]
[PlyCount "95"]
[WhiteFideId "4693922"]
[BlackFideId "4686608"]
[EventCountry "GER"]
[EventRounds "9"]
[EventType "swiss"]
[EventDate "2004.05.29"]

1. e4 g6 2. d4 Bg7 3. Nc3 c6 4. Nf3 d5 5. h3 dxe4 6. Nxe4 Nd7 7. Bc4 Ngf6 8.
Nxf6+ Nxf6 9. O-O O-O 10. Bf4 Nd5 11. Be5 f6 12. Bg3 Be6 13. Re1 Bf7 14. Bb3
Re8 15. Qd3 Qa5 16. Rad1 Rad8 17. Nd2 Kf8 18. c3 c5 19. dxc5 Qxc5 20. Ne4 Qa5
21. Qc4 b5 22. Qc5 Rc8 23. Qd4 e5 24. Qd3 Rcd8 25. Qf3 f5 26. Ng5 e4 27. Qe2
Bg8 28. Nxh7+ Bxh7 29. Rxd5 Rxd5 30. Bxd5 Rd8 31. Bb3 Bg8 32. Bh4 Rd7 33. Rd1
Rxd1+ 34. Qxd1 Qb6 35. Qd7 Bxb3 36. axb3 Kg8 37. Bg5 Qa6 38. Qe8+ Kh7 39. Qe7
Kg8 40. Kh2 Qa2 41. Qe8+ Kh7 42. Qf7 Kh8 43. Qxg6 Be5+ 44. g3 Qxb2 45. Qxf5
Bxc3 46. Qf8+ Kh7 47. Qf7+ Kh8 48. Be3 1-0

[Event "DEM U18 2004"]
[Site "Willingen GER"]
[Date "2004.05.31"]
[Round "3"]
[White "Laßan, Christian"]
[Black "Koller, Jens"]
[Result "0-1"]
[Termination "normal"]
[Board "5"]
[WhiteElo "2074"]
[BlackElo "2256"]
[PlyCount "24"]
[WhiteFideId "4685997"]
[BlackFideId "4680952"]
[EventCountry "GER"]
[EventRounds "9"]
[EventType "swiss"]
[EventDate "2004.05.29"]

1. e4 c5 2. Nf3 e6 3. c4 Nc6 4. d4 cxd4 5. Nxd4 Qb6 6. Nb5 Bc5 7. Nd6+ Ke7 8.
Nxc8+ Rxc8 9. Qd2 Nf6 10. Nc3 Bb4 11. Bd3 Ne5 12. a3 Qd4 0-1

[Event "DEM U18 2004"]
[Site "Willingen GER"]
[Date "2004.05.31"]
[Round "3"]
[White "Döhn, Raphael"]
[Black "Lohr, Matthias"]
[Result "1-0"]
[Termination "normal"]
[Board "6"]
[WhiteElo "2052"]
[BlackElo "2182"]
[PlyCount "81"]
[WhiteFideId "4695291"]
[BlackFideId "4692772"]
[EventCountry "GER"]
[EventRounds "9"]
[EventType "swiss"]
[EventDate "2004.05.29"]

1. e4 c5 2. Nf3 e6 3. d4 cxd4 4. Nxd4 Nf6 5. Nc3 Nc6 6. Ndb5 Bb4 7. a3 Bxc3+ 8.
Nxc3 d5 9. exd5 exd5 10. Bd3 O-O 11. O-O d4 12. Ne4 Bf5 13. Bg5 Bxe4 14. Bxe4
h6 15. Bxf6 Qxf6 16. Re1 Rfe8 17. Qf3 Qxf3 18. Bxf3 Kf8 19. b3 Rac8 20. Rxe8+
Rxe8 21. Kf1 Re7 22. Rd1 Rc7 23. Bxc6 Rxc6 24. Rxd4 Rxc2 25. Rd7 Ra2 26. a4 b6
27. Rxa7 Rb2 28. Rb7 Rxb3 29. a5 g6 30. Rxb6 Ra3 31. a6 Ra2 32. g3 Kg7 33. Kg2
Ra3 34. Rc6 h5 35. h3 Ra4 36. Kf3 Ra3+ 37. Ke4 Ra2 38. Ke3 Ra4 39. h4 Ra2 40.
Kd4 Rxf2 41. Kc5 1-0

[Event "DEM U18 2004"]
[Site "Willingen GER"]
[Date "2004.05.31"]
[Round "3"]
[White "Röber, Jürgen"]
[Black "Jovalekic, Oliver"]
[Result "1/2-1/2"]
[Termination "normal"]
[Board "7"]
[WhiteElo "2048"]
[BlackElo "2164"]
[PlyCount "39"]
[WhiteFideId "4697090"]
[BlackFideId "4682530"]
[EventCountry "GER"]
[EventRounds "9"]
[EventType "swiss"]
[EventDate "2004.05.29"]

1. e4 c5 2. Nf3 e6 3. c3 Nc6 4. d4 d5 5. exd5 exd5 6. Bb5 Bd6 7. dxc5 Bxc5 8.
O-O Nge7 9. Nbd2 O-O 10. Nb3 Bb6 11. Re1 Bg4 12. Bd3 Ng6 13. h3 Bxf3 14. Qxf3
Nge5 15. Qg3 Nxd3 16. Qxd3 d4 17. Nxd4 Nxd4 18. cxd4 Qxd4 19. Qxd4 Bxd4 20. Be3
1/2-1/2

[Event "DEM U18 2004"]
[Site "Willingen GER"]
[Date "2004.05.31"]
[Round "3"]
[White "Werner, Daniel"]
[Black "Roggon, Jacob"]
[Result "1/2-1/2"]
[Termination "normal"]
[Board "8"]
[WhiteElo "2157"]
[BlackElo "2041"]
[PlyCount "117"]
[WhiteFideId "4662814"]
[BlackFideId "4689550"]
[EventCountry "GER"]
[EventRounds "9"]
[EventType "swiss"]
[EventDate "2004.05.29"]

1. e4 c6 2. d4 d5 3. Nd2 dxe4 4. Nxe4 Bf5 5. Ng3 Bg6 6. h4 h6 7. Nf3 Nd7 8. h5
Bh7 9. Bd3 Bxd3 10. Qxd3 Qc7 11. Bd2 Ngf6 12. O-O-O O-O-O 13. Ne4 e6 14. g3 Nc5
15. Nxc5 Bxc5 16. Qe2 Bd6 17. c4 c5 18. Bc3 Rhe8 19. Kb1 Kb8 20. Rd2 Qc6 21.
Rhd1 Ne4 22. Rd3 Nxc3+ 23. Rxc3 Qc7 24. Rc2 cxd4 25. Nxd4 a6 26. c5 Be5 27. Qc4
Bxd4 28. Rxd4 Rxd4 29. Qxd4 Rd8 30. Qc3 Qc6 31. Rc1 Qe4+ 32. Ka1 Qd4 33. Qf3
Qd2 34. Rb1 Qd7 35. a3 f6 36. g4 Qd5 37. Qc3 Qd4 38. Rc1 Qxc3 39. Rxc3 Kc7 40.
Kb1 Rd4 41. f3 Kc6 42. Rb3 Kc7 43. Kc2 Rd5 44. Rc3 Kc6 45. b4 a5 46. Rd3 Re5
47. Rd6+ Kc7 48. Kd3 axb4 49. axb4 Re1 50. Kd2 Re5 51. Rd4 Kc6 52. f4 Rd5 53.
Kc3 e5 54. Rxd5 Kxd5 55. fxe5 fxe5 56. Kd3 e4+ 57. Ke3 Ke5 58. b5 Kd5 59. c6
1/2-1/2

[Event "DEM U18 2004"]
[Site "Willingen GER"]
[Date "2004.05.31"]
[Round "3"]
[White "Schulenburg, Fabian"]
[Black "Holzschuh, Stephan"]
[Result "0-1"]
[Termination "normal"]
[Board "9"]
[WhiteElo "2030"]
[BlackElo "2153"]
[PlyCount "72"]
[BlackFideId "4677471"]
[EventCountry "GER"]
[EventRounds "9"]
[EventType "swiss"]
[EventDate "2004.05.29"]

1. e4 c5 2. Nf3 Nc6 3. d4 cxd4 4. Nxd4 Nf6 5. Nc3 e5 6. Ndb5 d6 7. Bg5 a6 8.
Na3 b5 9. Nd5 Be7 10. Bxf6 Bxf6 11. c3 Bg5 12. Nc2 O-O 13. a4 bxa4 14. Rxa4 a5
15. Bc4 Bd7 16. Ra2 Rb8 17. b3 Kh8 18. O-O g6 19. Kh1 Bh6 20. Nce3 f5 21. exf5
gxf5 22. Qh5 Bg7 23. f4 e4 24. g4 fxg4 25. Nxg4 Be8 26. Qh3 Qd7 27. Qg3 Bg6 28.
Nge3 Bh5 29. Qh4 Bf3+ 30. Rxf3 exf3 31. Bd3 Bxc3 32. Nxc3 Rxb3 33. Ned5 Nb4 34.
Qh6 Re8 35. Be4 Nxa2 36. Nxa2 Rb1+ 0-1

[Event "DEM U18 2004"]
[Site "Willingen GER"]
[Date "2004.05.31"]
[Round "3"]
[White "Lammers, Markus"]
[Black "Engelmann, Jakob"]
[Result "1-0"]
[Termination "normal"]
[Board "10"]
[WhiteElo "2148"]
[BlackElo "1909"]
[PlyCount "49"]
[WhiteFideId "4680847"]
[BlackFideId "24619019"]
[EventCountry "GER"]
[EventRounds "9"]
[EventType "swiss"]
[EventDate "2004.05.29"]

1. d4 Nf6 2. c4 c5 3. d5 b5 4. cxb5 a6 5. b6 d6 6. Nc3 Nbd7 7. a4 Nxb6 8. a5
Nbd7 9. e4 g6 10. f4 Bg7 11. Nf3 Qc7 12. Nd2 O-O 13. Nc4 Re8 14. Be2 e6 15. e5
exd5 16. Nxd6 Re6 17. Nxc8 Rxc8 18. O-O Nxe5 19. fxe5 Qxe5 20. Bf3 d4 21. Na4
c4 22. Nb6 Rc7 23. Ra4 d3 24. Rxc4 Qb5 25. b3 1-0

[Event "DEM U18 2004"]
[Site "Willingen GER"]
[Date "2004.05.31"]
[Round "3"]
[White "Trapp, Sascha"]
[Black "Mischke, Christian"]
[Result "1-0"]
[Termination "normal"]
[Board "11"]
[WhiteElo "1950"]
[BlackElo "1782"]
[PlyCount "97"]
[EventCountry "GER"]
[EventRounds "9"]
[EventType "swiss"]
[EventDate "2004.05.29"]

1. e4 c5 2. Nf3 e6 3. d4 cxd4 4. Nxd4 Nf6 5. Nc3 Bb4 6. e5 Nd5 7. Bd2 Bxc3 8.
bxc3 Qc7 9. f4 a6 10. Qf3 d6 11. exd6 Qxd6 12. Bd3 O-O 13. O-O Bd7 14. f5 e5
15. Ne2 Bc6 16. Qf2 Nd7 17. Kh1 Nc5 18. Ng3 Nxd3 19. cxd3 Nf4 20. Bxf4 exf4 21.
Qxf4 Qxd3 22. f6 Qg6 23. fxg7 Qxg7 24. Rf2 Rfe8 25. Nh5 Qxc3 26. Qxf7+ Kh8 27.
Raf1 Rg8 28. Ng3 Raf8 29. Qxf8 Rxf8 30. Rxf8+ Kg7 31. R8f7+ Kg6 32. Ne2 Qd2 33.
R1f6+ Kg5 34. h4+ Kxh4 35. Rf4+ Kg5 36. Rg7+ Kh6 37. Rg3 Qxe2 38. Rh4+ Qh5 39.
Rxh5+ Kxh5 40. Kg1 Bd5 41. a3 a5 42. Re3 Kg6 43. Re5 Bc4 44. Rxa5 b5 45. Kf2
Kf5 46. a4 Ke4 47. axb5 Kd5 48. b6+ Kc6 49. Rc5+ 1-0

[Event "DEM U18 2004"]
[Site "Willingen GER"]
[Date "2004.05.31"]
[Round "3"]
[White "Peters, Stefan"]
[Black "Sbierski, Jan"]
[Result "1-0"]
[Termination "normal"]
[Board "12"]
[WhiteElo "1892"]
[BlackElo "1859"]
[PlyCount "81"]
[EventCountry "GER"]
[EventRounds "9"]
[EventType "swiss"]
[EventDate "2004.05.29"]

1. e4 Nf6 2. e5 Nd5 3. d4 d6 4. Nf3 g6 5. Bc4 Nb6 6. Bb3 Bg7 7. a4 a5 8. Ng5 e6
9. f4 Nc6 10. c3 Bd7 11. O-O O-O 12. Nd2 Ne7 13. Nde4 h6 14. Nh3 Bc6 15. Nhf2
Nbd5 16. Qd3 b6 17. Qh3 Bb7 18. Ng4 Nf5 19. Bc2 h5 20. Ngf2 dxe5 21. fxe5 Qh4
22. Qf3 Bh6 23. Bxh6 Nxh6 24. Nf6+ Nxf6 25. Qxb7 Nfg4 26. h3 Ne3 27. Rfc1 Nxc2
28. Rxc2 Qe7 29. Ne4 Nf5 30. Rf2 Kg7 31. Nf6 Rac8 32. Qe4 Rcd8 33. Qf4 c5 34.
Qg5 Rd7 35. Nxh5+ Kh7 36. Nf6+ Kg7 37. g4 Nh6 38. dxc5 bxc5 39. Rd2 Rfd8 40.
Nh5+ Kg8 41. Qxe7 1-0

[Event "DEM U18 2004"]
[Site "Willingen GER"]
[Date "2004.05.31"]
[Round "3"]
[White "Steinbrügge, Rene"]
[Black "Willert, Christof"]
[Result "1-0"]
[Termination "normal"]
[Board "13"]
[WhiteElo "1866"]
[BlackElo "1673"]
[PlyCount "67"]
[EventCountry "GER"]
[EventRounds "9"]
[EventType "swiss"]
[EventDate "2004.05.29"]

1. e4 e6 2. d4 d5 3. e5 c5 4. c3 Qb6 5. Nf3 Nc6 6. a3 a5 7. Bd3 Bd7 8. Bc2 cxd4
9. cxd4 Rc8 10. Nc3 Nge7 11. Rb1 Ng6 12. h4 Be7 13. h5 Nf8 14. h6 g6 15. Ne2
Qc7 16. Bd3 f6 17. exf6 Bxf6 18. Bf4 e5 19. dxe5 Nxe5 20. Kf1 Qd6 21. Ned4 Qe7
22. Bxe5 Bxe5 23. Qb3 Bxd4 24. Nxd4 Be6 25. Re1 Kf7 26. Nxe6 Nxe6 27. Qxd5 Rhd8
28. Qe4 Rd4 29. Qe3 Rcd8 30. Bc2 R8d6 31. Rh3 Rd2 32. Bb3 R2d3 33. Bxe6+ Rxe6
34. Rf3+ 1-0

[Event "DEM U18 2004"]
[Site "Willingen GER"]
[Date "2004.06.01"]
[Round "4"]
[White "Degtiarev, Jewgeni"]
[Black "Meinhardt, Maximilian"]
[Result "1-0"]
[Termination "normal"]
[Board "1"]
[WhiteElo "2284"]
[BlackElo "2285"]
[PlyCount "121"]
[WhiteFideId "4149610"]
[BlackFideId "4668766"]
[EventCountry "GER"]
[EventRounds "9"]
[EventType "swiss"]
[EventDate "2004.05.29"]

1. d4 d5 2. c4 e6 3. Nf3 c5 4. cxd5 exd5 5. g3 Nf6 6. Bg2 Be7 7. O-O O-O 8. Nc3
Nc6 9. dxc5 d4 10. Na4 Bf5 11. Bg5 h6 12. Bxf6 Bxf6 13. Ne1 Re8 14. Nd3 Be4 15.
b4 Bxg2 16. Kxg2 Qd5+ 17. Kg1 Re4 18. Nab2 Qe6 19. b5 Ne7 20. c6 b6 21. Nf4
Rxf4 22. gxf4 Nd5 23. Nd3 Nc3 24. Qd2 Nxb5 25. Rac1 Nc3 26. Ne5 Bxe5 27. fxe5
Qxc6 28. f3 Qb5 29. Rfe1 Qxe5 30. e3 Qg5+ 31. Kh1 Rd8 32. Rg1 Qf6 33. exd4
Qxf3+ 34. Qg2 Qxg2+ 35. Rxg2 Nb5 36. Rd2 Rxd4 37. Rxd4 Nxd4 38. Rc8+ Kh7 39.
Rc7 Nb5 40. Rxf7 a5 41. Rf3 Nd4 42. Rd3 Ne2 43. a4 Kg8 44. Rb3 Kf7 45. Kg2 Nf4+
46. Kf3 Ne6 47. Rxb6 Nc5 48. Rc6 Nxa4 49. Ke3 Nb2 50. Rc2 Na4 51. Kd4 Kg6 52.
Rc6+ Kh7 53. Rd6 Kg8 54. Rd7 Nb2 55. Rb7 Nd1 56. Rb8+ Kh7 57. Rf8 Nb2 58. Rf1
Na4 59. Rb1 Kg8 60. Kc4 Kf7 61. Rb5 1-0

[Event "DEM U18 2004"]
[Site "Willingen GER"]
[Date "2004.06.01"]
[Round "4"]
[White "Postojev, Alexander"]
[Black "Heinz, Axel"]
[Result "0-1"]
[Termination "normal"]
[Board "2"]
[WhiteElo "2150"]
[BlackElo "2244"]
[PlyCount "84"]
[WhiteFideId "4672186"]
[BlackFideId "4667557"]
[EventCountry "GER"]
[EventRounds "9"]
[EventType "swiss"]
[EventDate "2004.05.29"]

1. d4 Nf6 2. c4 e6 3. g3 d5 4. Nf3 Bd6 5. Bg2 b6 6. Nc3 Bb7 7. O-O O-O 8. Ne5
Nbd7 9. Bf4 Ne4 10. Rc1 a6 11. Qc2 Ndf6 12. Nxe4 Nxe4 13. cxd5 exd5 14. Nc6 Qe8
15. Bxd6 cxd6 16. Nb4 Rc8 17. Qd3 Rxc1 18. Rxc1 a5 19. Nc2 Qc6 20. Rd1 Ba6 21.
Qxa6 Qxc2 22. Qd3 Rc8 23. Bxe4 dxe4 24. Qd2 d5 25. Kf1 Qxd2 26. Rxd2 Rc1+ 27.
Kg2 f5 28. h4 Kf7 29. e3 Ke8 30. b3 Rc3 31. Kf1 h6 32. Ke2 g5 33. hxg5 hxg5 34.
f4 Kf7 35. Kf2 Kg6 36. Re2 Kh5 37. Kg2 gxf4 38. gxf4 Kg4 39. Kf2 Kh3 40. Rd2
Rc8 41. Re2 Rc1 42. Rd2 Rh1 0-1

[Event "DEM U18 2004"]
[Site "Willingen GER"]
[Date "2004.06.01"]
[Round "4"]
[White "Eisenbeiser, Amadeus"]
[Black "Fiebig, Thomas"]
[Result "1-0"]
[Termination "normal"]
[Board "3"]
[WhiteElo "2229"]
[BlackElo "2263"]
[PlyCount "59"]
[WhiteFideId "4678338"]
[BlackFideId "4693922"]
[EventCountry "GER"]
[EventRounds "9"]
[EventType "swiss"]
[EventDate "2004.05.29"]

1. e4 e6 2. d4 d5 3. Nd2 c5 4. exd5 Qxd5 5. Ngf3 cxd4 6. Bc4 Qd6 7. O-O Nf6 8.
Re1 Nc6 9. Nb3 a6 10. Nbxd4 Nxd4 11. Nxd4 Qc7 12. Bb3 Bd6 13. Nf5 Bxh2+ 14. Kh1
O-O 15. Nxg7 Rd8 16. Qf3 Kxg7 17. Bh6+ Kg6 18. c3 Nh5 19. Be3 f5 20. Rad1 Rxd1
21. Bxd1 Nf6 22. g3 Ng4 23. Qg2 Bxg3 24. fxg3 Bd7 25. Bxg4 fxg4 26. Qe4+ Kf6
27. Rf1+ Ke7 28. Qxh7+ Kd6 29. Rd1+ Kc6 30. Qe4+ 1-0

[Event "DEM U18 2004"]
[Site "Willingen GER"]
[Date "2004.06.01"]
[Round "4"]
[White "Koller, Jens"]
[Black "Lammers, Markus"]
[Result "0-1"]
[Termination "normal"]
[Board "4"]
[WhiteElo "2256"]
[BlackElo "2148"]
[PlyCount "72"]
[WhiteFideId "4680952"]
[BlackFideId "4680847"]
[EventCountry "GER"]
[EventRounds "9"]
[EventType "swiss"]
[EventDate "2004.05.29"]

1. e4 Nc6 2. f4 d5 3. exd5 Qxd5 4. Nc3 Qd6 5. Nf3 Bg4 6. Bc4 O-O-O 7. d3 Nd4 8.
Ne4 Qb6 9. Neg5 Nh6 10. h3 Bxf3 11. Nxf3 Nhf5 12. Nxd4 Qxd4 13. Qe2 e6 14. c3
Qb6 15. Qf3 h5 16. a4 a5 17. d4 Be7 18. g3 c5 19. dxc5 Bxc5 20. Bd3 Rxd3 21.
Qxd3 Bf2+ 22. Kf1 Nxg3+ 23. Kg2 Nxh1 24. Kxh1 Qc6+ 25. Kh2 h4 26. Qe2 Bg3+ 27.
Kg1 Rd8 28. Bd2 Qd5 29. Be1 Qf5 30. Qc4+ Kb8 31. Bxg3 hxg3 32. Kg2 Rd2+ 33.
Kxg3 Qg6+ 34. Kf3 Qg2+ 35. Ke3 Qf2+ 36. Ke4 Re2+ 0-1

[Event "DEM U18 2004"]
[Site "Willingen GER"]
[Date "2004.06.01"]
[Round "4"]
[White "Holzschuh, Stephan"]
[Black "Döhn, Raphael"]
[Result "1/2-1/2"]
[Termination "normal"]
[Board "5"]
[WhiteElo "2153"]
[BlackElo "2052"]
[PlyCount "43"]
[WhiteFideId "4677471"]
[BlackFideId "4695291"]
[EventCountry "GER"]
[EventRounds "9"]
[EventType "swiss"]
[EventDate "2004.05.29"]

1. e4 c5 2. Nf3 d6 3. d4 cxd4 4. Nxd4 Nf6 5. Nc3 a6 6. Be3 e5 7. Nb3 Be6 8. f3
Nc6 9. Qe2 Be7 10. O-O-O Na5 11. Kb1 Nxb3 12. cxb3 O-O 13. Qf2 b5 14. g4 b4 15.
Na4 Qc7 16. Bc4 Nd7 17. Rc1 Qb7 18. Qd2 Rac8 19. Rhd1 Rc6 20. Bd5 Bxd5 21. Qxd5
Rfc8 22. Rxc6 1/2-1/2

[Event "DEM U18 2004"]
[Site "Willingen GER"]
[Date "2004.06.01"]
[Round "4"]
[White "Krämer, Martin"]
[Black "Werner, Daniel"]
[Result "1-0"]
[Termination "normal"]
[Board "6"]
[WhiteElo "2243"]
[BlackElo "2157"]
[PlyCount "79"]
[WhiteFideId "4671910"]
[BlackFideId "4662814"]
[EventCountry "GER"]
[EventRounds "9"]
[EventType "swiss"]
[EventDate "2004.05.29"]

1. e4 c5 2. Nf3 d6 3. d4 cxd4 4. Nxd4 Nf6 5. Nc3 a6 6. Be3 e5 7. Nb3 Be6 8. f3
Nbd7 9. g4 b5 10. g5 b4 11. Nd5 Nxd5 12. exd5 Bf5 13. Bd3 Bxd3 14. Qxd3 Be7 15.
Rg1 a5 16. O-O-O a4 17. Nd2 Qa5 18. Rg4 O-O 19. Ne4 b3 20. cxb3 axb3 21. a3
Rfc8+ 22. Kb1 Rc2 23. Rd2 f5 24. gxf6 Nxf6 25. Nxf6+ Bxf6 26. Rxc2 bxc2+ 27.
Kxc2 Qe1 28. Re4 Qh1 29. Qe2 Qa1 30. Bc1 Qa2 31. Qc4 Qxc4+ 32. Rxc4 Ra5 33. b4
Rxd5 34. a4 Kf7 35. Be3 Ke6 36. b5 Bd8 37. b6 Kd7 38. b7 Bc7 39. Ba7 Ra5 40.
Rxc7+ 1-0

[Event "DEM U18 2004"]
[Site "Willingen GER"]
[Date "2004.06.01"]
[Round "4"]
[White "Roggon, Jacob"]
[Black "Jovalekic, Oliver"]
[Result "0-1"]
[Termination "normal"]
[Board "7"]
[WhiteElo "2041"]
[BlackElo "2164"]
[PlyCount "66"]
[WhiteFideId "4689550"]
[BlackFideId "4682530"]
[EventCountry "GER"]
[EventRounds "9"]
[EventType "swiss"]
[EventDate "2004.05.29"]

1. d4 d6 2. Nf3 Bg4 3. e3 Nf6 4. Nbd2 Nbd7 5. b3 c6 6. Bb2 Qc7 7. Be2 e6 8. O-O
Be7 9. Re1 O-O 10. Nf1 Ne4 11. N3d2 Bxe2 12. Qxe2 f5 13. f3 Nxd2 14. Nxd2 Bh4
15. Rf1 Rae8 16. Rad1 Bf6 17. e4 c5 18. exf5 exf5 19. Qc4+ Kh8 20. Rfe1 Nb6 21.
Qd3 g6 22. Ba1 Nd5 23. Kf1 Nb4 24. Qc4 d5 25. Rxe8 Rxe8 26. Qb5 Re6 27. dxc5
Bxa1 28. Rxa1 Qxh2 29. Qa5 b6 30. Qxb4 Qh1+ 31. Kf2 Qxa1 32. Ne4 Qe5 33. Nd6
bxc5 0-1

[Event "DEM U18 2004"]
[Site "Willingen GER"]
[Date "2004.06.01"]
[Round "4"]
[White "Walter, Stefan"]
[Black "Röber, Jürgen"]
[Result "1-0"]
[Termination "normal"]
[Board "8"]
[WhiteElo "2157"]
[BlackElo "2048"]
[PlyCount "83"]
[WhiteFideId "4686608"]
[BlackFideId "4697090"]
[EventCountry "GER"]
[EventRounds "9"]
[EventType "swiss"]
[EventDate "2004.05.29"]

1. d4 Nf6 2. c4 g6 3. Nc3 d5 4. Nf3 Bg7 5. Bg5 Ne4 6. cxd5 Nxg5 7. Nxg5 e6 8.
Qd2 exd5 9. Qe3+ Kf8 10. Qf4 Bf6 11. h4 h6 12. Nf3 Kg7 13. O-O-O Be6 14. e3 c6
15. Bd3 Nd7 16. Kb1 Qb8 17. Qxb8 Raxb8 18. Rc1 a5 19. Nd2 Rhf8 20. Nb3 Bd8 21.
Ne2 Bf5 22. Bxf5 gxf5 23. Nc5 Nxc5 24. Rxc5 Bc7 25. g3 Ra8 26. Kc2 Bd6 27. Rc3
Rfc8 28. Kd3 Rc7 29. Rhc1 Rac8 30. R3c2 Kf6 31. Nc3 Ke6 32. Na4 b5 33. Nb6 Rb8
34. Rxc6 Rxc6 35. Rxc6 Rb7 36. Nc8 Rd7 37. Ke2 Rd8 38. Kf3 Rd7 39. g4 fxg4+ 40.
Kxg4 f5+ 41. Kh5 Rd8 42. Rxd6+ 1-0

[Event "DEM U18 2004"]
[Site "Willingen GER"]
[Date "2004.06.01"]
[Round "4"]
[White "Lohr, Matthias"]
[Black "Steinbrügge, Rene"]
[Result "1-0"]
[Termination "normal"]
[Board "9"]
[WhiteElo "2182"]
[BlackElo "1866"]
[PlyCount "49"]
[WhiteFideId "4692772"]
[EventCountry "GER"]
[EventRounds "9"]
[EventType "swiss"]
[EventDate "2004.05.29"]

1. Nf3 d5 2. g3 Nf6 3. Bg2 e6 4. O-O Bd6 5. d3 b6 6. Nbd2 Bb7 7. Re1 Nbd7 8. e4
dxe4 9. dxe4 e5 10. Nc4 Qe7 11. Nh4 g6 12. c3 O-O-O 13. b4 Nf8 14. Qe2 Kb8 15.
a4 Ba6 16. b5 Bc8 17. a5 Ne6 18. axb6 cxb6 19. Qa2 Qc7 20. Nf3 Nc5 21. Nxd6
Rxd6 22. Nxe5 Be6 23. c4 Nd3 24. Nxd3 Rxd3 25. Bf4 1-0